Changing state/society relations: broad-brush approaches and analytic models (Record no. 53015)

000 -LEADER
fixed length control field 00400pab a2200145 454500
008 - FIXED-LENGTH DATA ELEMENTS--GENERAL INFORMATION
fixed length control field 180718b2001 xxu||||| |||| 00| 0 eng d
100 ## - MAIN ENTRY--PERSONAL NAME
Personal name Bjorkman, J.W.
245 ## - TITLE STATEMENT
Title Changing state/society relations: broad-brush approaches and analytic models
260 ## - PUBLICATION, DISTRIBUTION, ETC.
Date of publication, distribution, etc. 2001
300 ## - PHYSICAL DESCRIPTION
Extent p.12-12.
362 ## - DATES OF PUBLICATION AND/OR SEQUENTIAL DESIGNATION
Dates of publication and/or sequential designation Jan-Dec
650 ## - SUBJECT ADDED ENTRY--TOPICAL TERM
Topical term or geographic name entry element Centre state relations
773 ## - HOST ITEM ENTRY
Main entry heading Administrative Change
909 ## -
-- 53015
Holdings
Withdrawn status Lost status Damaged status Not for loan Permanent Location Current Location Date acquired Serial Enumeration / chronology Barcode Date last seen Price effective from Koha item type
        Indian Institute of Public Administration Indian Institute of Public Administration 2018-07-19 Volume no: 28(2) and 29( 1), AR53449 2018-07-19 2018-07-19 Articles

Powered by Koha